| 000 | 01120cad a22002295a 4500 | ||
|---|---|---|---|
| 001 | L137872 | ||
| 008 | 101129s2001 xxkq ws ss 000 a0eng d | ||
| 035 | _a(Sirsi) u137872 | ||
| 041 | 0 | _aeng | |
| 110 | 2 |
_aRoyal Institution of Chartered Surveyors _bEconomics _95033 |
|
| 245 | 0 | 0 |
_aRICS UK commercial property survey _h[electronic resource] |
| 260 |
_aLondon _bRICS _c2001- |
||
| 362 | 0 | _aQ2 2001- | |
| 490 | 0 | _aRICS UK Commercial Property Survey | |
| 520 | _aDiscusses activity in all business property markets in England and Wales, covering trends in demand, surveyor confidence, new occupier enquiries, floorspace availability, expected rents, lease lengths and inducements across commercial, office, retail and industrial sub-sectors. | ||
| 554 | _aQuarterly | ||
| 651 | 4 |
_aEngland and Wales _y1543- |
|
| 690 | _aPROPERTY-COMMERCIAL PROPERTY-COMMERCIAL PROPERTY MARKET | ||
| 856 | 4 | 8 |
_uhttps://www.rics.org/commercialmarket _zView the item free of charge at www.rics.org |
| 856 | 4 | 8 |
_uhttps://www.rics.org/site/scripts/downloads.aspx?categoryID=599 _zView archive back to Q2 2001 at www.rics.org |
| 942 | _n0 | ||
| 999 |
_c118921 _d118921 |
||